[Event "EU-chT (Men) 15th"]
[Site "Gothenburg"]
[Date "2005.08.07"]
[Round "9.2"]
[White "Jobava, Baadur"]
[Black "Papaioannou, Ioannis"]
[Result "1/2-1/2"]
[WhiteElo "2621"]
[BlackElo "2578"]
[Annotator "Kapengut"]
[PlyCount "123"]
[EventDate "2005.07.30"]
[EventType "team-swiss"]
[EventRounds "9"]
[EventCountry "SWE"]
[SourceTitle "CBM 109"]
[Source "ChessBase"]
[SourceDate "2005.11.14"]
[SourceVersion "1"]
[SourceVersionDate "2005.11.14"]
[SourceQuality "1"]
[WhiteTeam "Georgia"]
[BlackTeam "Greece"]
[WhiteTeamCountry "GEO"]
[BlackTeamCountry "GRE"]

1. d4 Nf6 2. c4 e6 3. Nf3 c5 4. d5 exd5 5. cxd5 d6 6. Nc3 g6 7. Qa4+ ({Usually
White uses this maneuver to prohibit the normal way for the opponent after} 7.
Bf4 Bg7 8. Qa4+ {creating the problem of pawn d6 protection.}) 7... Nbd7 8. Bf4
a6 (8... Qb6 9. e4 Qxb2 10. Rb1 Qxc3+ 11. Bd2 Nxd5 $5 12. Bxc3 (12. exd5 Qf6
13. Bb5 $44) (12. Bc4 $5 N5b6 13. Bxc3 Nxa4 14. Bxh8 Nab6 15. Bb5 a6 16. Bd3 d5
$44) 12... Nxc3 13. Qb3 Nxb1 14. Ng5 $1 Ne5 15. Bb5+ Ke7 16. f4 $1 $16) (8...
Nh5 9. Bg5 f6 (9... Be7 10. Bxe7 Qxe7 11. e4 O-O 12. Qc2 a6 13. a4 Re8 $132)
10. Bh4 (10. Bd2 $14 {Azmaiparashvili}) 10... Kf7 11. e3 a6 12. Be2 b5 13. Qc2
(13. Nxb5 $140 $2 Nb6 $17) 13... Ng7 14. e4 Be7 15. a3 Rf8 16. O-O Kg8 17. Rae1
Ne5 18. Nd2 c4 19. b3 (19. f4 $1) 19... cxb3 20. Qxb3 Nd7 21. a4 Nc5 22. Qb4
bxa4 23. Nxa4 a5 24. Qa3 Nxa4 25. Qxa4 Bd7 26. Qa3 f5 27. Bxe7 Qxe7 28. Bd3 $36
{Monterde,R-Ventos Navarro,L/Santa Coloma/1994}) (8... Be7 9. e4 O-O 10. Qc2 (
10. h3 a6 11. Be2 Rb8 12. O-O b5 13. Qc2 Re8 14. a4 b4 15. Nd1 Bf8 16. Bd3 (16.
Nd2 $140 $2 Nxd5 $1) 16... b3 $1 17. Qd2 Nxe4 18. Bxe4 Rxe4 19. Nc3 {Pilaj,H
-Janz,F/Mitte AUT 2002} Reb4 $15) 10... Ne8 (10... Nh5 11. Be3 Bf6 12. Be2 Bg7
13. Nd2 Nhf6 14. O-O Ne5 15. h3 $16) 11. Bd3 Bf6 12. O-O Ne5 13. Nxe5 Bxe5 14.
Bxe5 dxe5 15. f4 Qe7 16. Qf2 f6 (16... exf4 17. Qxf4 f6 18. Nb5 Bd7 (18... a6
19. d6 Qe6 20. Nc7 Nxc7 21. dxc7 c4 22. Be2 b5 23. Rad1 Bb7 24. Bg4 Qxe4 25.
Qxe4 Bxe4 26. Be6+ $16) 19. Bc4 Kg7 20. d6 Qd8 21. Rad1 $18) 17. fxe5 fxe5 18.
d6 $3 Qxd6 (18... Rxf2 19. dxe7 Rf4 20. g3 Rxf1+ 21. Rxf1 Bd7 22. Rf8+ Kg7 23.
Bb5 $16) (18... Nxd6 19. Qxc5 b6 20. Qd5+ Be6 21. Qxe5 $16) 19. Bc4+ Kg7 20.
Qxf8+ Qxf8 21. Rxf8 Kxf8 22. Rf1+ Kg7 (22... Ke7 23. Rf7+ Kd6 24. Rxh7 Bd7 25.
Rh6 Nf6 26. Rxg6 $18) 23. Rf7+ Kh6 24. Re7 Nf6 (24... Nd6 25. Bd5 (25. Bg8 Bg4
26. Rxh7+ Kg5 27. Bd5 $14) 25... Rb8 26. Rxe5 b5 27. Re7 b4 28. Na4 c4 29. e5
Nf5 30. Re8 $16) 25. Rxe5 Bd7 26. Rxc5 Bc6 (26... Re8 27. Bd5 Nxd5 28. exd5 $16
) 27. Re5 Rc8 28. h3 $1 Bxe4 29. g4 $3 $18 {Azmaiparashvili,Z -Zubarev,A /Pula
1999/[Azmaiparashvili,Z]}) 9. e3 $5 $146 {White makes a hybrid of the system
Qa4+ and the nowadays popular system e3.} (9. e4 Rb8 (9... Qb6 10. O-O-O (10.
Qc2 Bg7 11. Nd2 Qc7 12. Nc4 Ne5 13. Bxe5 dxe5 14. a4 b6 15. a5 b5 16. Nb6 Rb8
17. Bxb5+ $1 axb5 18. Nxb5 Qe7 19. a6 $2 (19. d6 $1 Qd8 20. Nc7+ Kf8 $14) 19...
O-O 20. a7 Rxb6 21. a8=Q Rxb5 22. O-O $13 {Mateuta,G-Berescu,A/Eforie Nord 2000
}) 10... Nh5 (10... Bg7 11. Nd2 O-O 12. Nc4 Qa7 13. Nxd6 b5 14. Qc2 c4 $5 (
14... Ng4 $6 15. h3 Nge5 16. Be3 f6 17. f4 Nf7 18. Nxf7 Rxf7 19. h4 $18 {
Wornath,K-Koehler,R/Griesheim GER 2002}) 15. Kb1 Ng4 16. Bg3 Bd4 $5 17. Rd2 b4
$44) 11. Bd2 (11. e5 $5 Qb4 12. exd6 $1 (12. Be3 Qxa4 13. Nxa4 dxe5 14. d6 b6
$6 15. Nxe5 $5 Nxe5 16. Nxb6 Rb8 17. Nxc8 Rxc8 18. Bxa6 Rb8 19. Rhe1 Kd7 20.
Bxc5 Nc6 21. Bc4 Bg7 $14 {1/2-1/2 Vidonyak,R-Legde,G /Germany 2001} 22. Re7+ $5
Nxe7 23. dxe7+ Kc6 24. b4 $44 {->}) 12... Qxf4+ 13. Qxf4 Nxf4 14. Re1+ Kd8 15.
Ng5 $1 $14) 11... Bg7 12. g4 Nhf6 13. e5 dxe5 14. g5 Nh5 15. Bh3 Qd8 16. d6 O-O
17. Nd5 Kh8 18. Rhe1 (18. Ba5 b6 19. Bc3 b5 20. Qe4 Bb7 21. Bxd7 Qxd7 $15 {
Chin,F-Franco Ocampos,Z /Thessaloniki 1988}) 18... f5 19. gxf6 Ndxf6 20. Bxc8
Rxc8 21. Ne7 e4 $5 22. Ng5 $1 (22. Nxc8 exf3 23. d7 $5 Nxd7 24. Bc3 Bxc3 25.
bxc3 b5 $1 26. Qxa6 Qg5+ 27. Kb2 Qh4 $1 28. Rd2 b4 $1 29. Qb7 Qf6 $13) 22...
Ra8 23. Be3 Qd7 (23... b5 $6 24. Qa3 Qd7 25. Qxc5 $16) 24. Qxd7 Nxd7 25. Nxe4
b6 26. Nd5 Rae8 27. Bg5 $14) (9... Nh5 10. Bg5 Be7 11. Bh6 Bf8 (11... Bf6 12.
Qc2 Bg7 13. Bxg7 Nxg7 14. a4 O-O 15. Be2 f5 16. exf5 Nxf5 17. O-O Nf6 18. Qd2
Bd7 19. Rfe1 Qc7 20. h3 Rae8 21. Bc4 Qa5 22. Ne4 Qxd2 23. Nxf6+ Rxf6 24. Rxe8+
Bxe8 25. Nxd2 $14 g5 26. Ne4 Rg6 27. a5 Nd4 28. b4 $2 (28. Rb1 $5 $14) 28...
Nc2 $15 29. Rd1 Nxb4 30. Nxc5 $5 dxc5 31. d6+ Kh8 32. d7 Bxd7 33. Rxd7 Nc6 34.
Rxb7 Nxa5 35. Rb8+ Kg7 36. Bd3 Rd6 $17 {Cifuentes Parada,R-Marin,M/TCh-ESP,
Barcelona ESP 2000}) 12. Bg5 Be7 13. Be3 O-O 14. Qc2 b5 15. Bd3 Nhf6 16. h3 Re8
17. O-O Bf8 18. b3 Bg7 19. Rac1 Qe7 20. Rfe1 Bb7 21. Bf4 Nh5 22. Bh2 Ne5 23.
Be2 Bh6 24. Rcd1 Nf4 25. Nxe5 Qxe5 26. Bf1 Bc8 (26... Qe7 $6 27. a4 b4 28. Nb1
a5 29. Nd2 Ba6 30. Bxa6 Rxa6 31. Nc4 $16 {Gustafsson,J-Grafl,F/Luebeck GER 2001
}) 27. a4 b4 28. Nb1 f5 $5 (28... Qg5 29. Kh1 Qf6 30. Nd2 Ra7 31. Nc4 Rae7 $14)
29. Nd2 $1 (29. Re3 Qf6 30. Nd2 Ra7 31. exf5 Rxe3 32. fxe3 Bxf5 33. Qc4 Nxh3+
$1 34. gxh3 Bxe3+ 35. Kh1 Re7 $40) (29. g3 Nh5 30. f4 Qg7 31. Nd2 g5 $5 $132)
29... Qc3 30. Qa2 Bd7 (30... Ra7 $6 31. Nc4 Rxe4 32. Rxe4 fxe4 33. Nxd6 Bf5 34.
Qb1 e3 35. Nxf5 exf2+ 36. Kxf2 gxf5 37. Bc4 Rg7 38. Bxf4 Bxf4 39. d6+ $16) 31.
Re3 Qf6 32. Rde1 $14) 10. h3 (10. e5 $6 b5 11. Qc2 dxe5 12. Nxe5 Nxe5 13. Bxe5
Bd6 14. Bxd6 Qxd6 15. Be2 (15. Ne4 Qe5 16. f3 O-O 17. O-O-O Nxe4 18. fxe4 Re8
$15) 15... O-O 16. Rd1 Re8 17. O-O b4 18. Na4 Bf5 19. Bd3 (19. Qc4 $2 Bd7 $1
$19 {Kogan,A-Jenal,J/Zurich SUI 2001}) 19... Ng4 20. g3 Bxd3 21. Qxd3 Ne5 $17)
(10. Bd3 b5 (10... Nh5 11. Bg5 Qc7 12. O-O Bg7 13. Qc2 b5 14. Be2 (14. a4 c4
15. Be2 Nc5 16. axb5 axb5 17. Be3 O-O 18. Nd4 $140 $6 Bxd4 19. Bxd4 Nb3 20.
Rad1 Nxd4 21. Rxd4 Nf4 $132) 14... O-O 15. a4 b4 16. Nb1 Re8 17. Nbd2 f5 $1 18.
Nh4 (18. Rae1 h6 19. Bh4 b3 $1 20. Nxb3 Rxe4 $15) 18... Nhf6 19. f3 b3 $5 (
19... Nf8 20. g3 h6 21. Be3 Kh7 22. Nc4 b3 23. Qb1 fxe4 24. Bf4 $1 Rd8 25. fxe4
Bh3 26. Rf2 Ng4 27. Bxg4 Bxg4 28. Qd3 {1/2-1/2 Margvelashvili,G-Moranda,W /
Belfort FRA 2005}) 20. Qd1 (20. Nxb3 $140 $6 fxe4 21. Rfe1 Qb7 22. Na5 Qxb2 23.
Qxb2 Rxb2 24. Nc4 Nxd5 25. Nxb2 Bxb2 26. Bc4 N7b6 27. Bxd5+ Nxd5 28. Rad1 Bd4+
$19) 20... fxe4 21. Ra3 exf3 22. Nhxf3 h6 23. Bxf6 Nxf6 24. Rxb3 Nxd5 25. Bc4
Be6 26. Re1 Nf4 $17) 11. Qc2 (11. Qd1 Nh5 12. Bg5 Be7 13. Bh6 Bf8 14. Qd2 Ne5
15. Nxe5 dxe5 16. O-O Bg7 17. Bxg7 Nxg7 18. f4 Qd6 19. fxe5 Qxe5 20. Qf2 O-O
21. Qxc5 Bd7 22. h3 b4 23. Nd1 Ne6 (23... Bxh3 $6 24. Nf2 $1 $16) 24. Qf2 Nd4
25. Ne3 $16 {Zubarev,A-Kovchan,A/Alushta 2001}) 11... Ng4 (11... Nh5 12. Bg5
Qc7 13. b3 Bg7 14. Rc1 O-O 15. O-O Nb6 16. Rfe1 f5 17. a3 fxe4 18. Bxe4 Bf5 19.
Rcd1 (19. Bxf5 Rxf5 20. Re7 Qc8 21. Ne4 Rxd5 22. Re1 Qf5 23. a4 $5 $44) 19...
Bxe4 20. Nxe4 Rf5 21. h3 Rbf8 22. Nxd6 $6 (22. b4 $5 $11) 22... Qxd6 23. Be7
Qd7 24. Qxc5 Rxd5 25. Rxd5 Nxd5 26. Bxf8 Bxf8 27. Qd4 Bxa3 $17 {Kauko,
S-Kizimenko,N/ICCF Email 2000}) 12. O-O Nge5 13. Be2 Nxf3+ 14. Bxf3 Ne5 15.
Bxe5 dxe5 16. b3 Bd7 17. a4 Bd6 18. axb5 axb5 19. Ra6 Qc7 20. Rfa1 O-O 21. Be2
Rfc8 22. Nd1 c4 $5 (22... Rb6 $11) 23. bxc4 Bc5 24. Rb1 (24. Ne3 $11) 24... Bd4
25. Rb4 (25. Qa2 $6 bxc4 26. d6 Qc5 27. Rxb8 Rxb8 28. Bxc4 Bg4 $17) 25... Ra8
26. Qa2 Rxa6 27. Qxa6 Qc5 28. Qa3 (28. Rxb5 Bxb5 29. cxb5 Qc2 $15) 28... Qd6 $1
29. Qb3 Bc5 30. Rxb5 Bxb5 31. cxb5 Ra8 $15 {Kluge,T-Bernal Varela,N /IECG 2002}
) (10. Qc2 b5 11. Be2 Qe7 12. Nd2 Bg7 13. O-O (13. a4 b4 14. Nd1 O-O 15. Ne3 b3
16. Qb1 Re8 17. O-O Rb4 (17... Nxe4 $5 18. Nxe4 Qxe4 19. Bxd6 Rb4 20. Rd1 Rxa4
$15) 18. Bf3 Ne5 19. Be2 Ned7 20. Bf3 Nb6 21. Bg3 a5 22. Rc1 Ba6 23. Ra3 Nxa4
24. Nxb3 Nxe4 $17 {Levin,F-Dambacher,M/Dieren NED 2003}) 13... O-O 14. Rae1 Ne5
15. Bg3 c4 (15... Z0 16. h3 Nh5 17. Bxh5 gxh5 18. f4 Nc4 $6 (18... Ng6 $142)
19. Nxc4 bxc4 20. e5 $1 h4 21. Bh2 Re8 22. Re2 Bd7 23. Kh1 Qd8 24. Qe4 $16 {
Perez,I -Mendez,E/Ñuba 1993}) 16. h3 Nh5 17. Bh2 (17. Bxh5 $5 gxh5 18. Bxe5
Qxe5 19. f4 Qd4+ 20. Kh1 $14) 17... Qh4 18. f4 Nd3 19. Bxd3 Bd4+ 20. Kh1 Ng3+
21. Bxg3 Qxg3 22. Ne2 (22. Bxc4 $1 Bxh3 23. Nf3 $18) 22... cxd3 23. Qb3 Qe3 24.
Nxd4 Qxd4 25. Rf3 f5 26. e5 (26. Rxd3 Qf2 27. Rf1 Qe2 28. e5 $1 $16) 26... Bb7
$1 27. exd6 Rbd8 28. Re7 Rf7 29. Qxd3 Qxd3 {1/2-1/2 Pert,N-Gozzoli,Y /Cannes
FRA 2004}) 10... b5 11. Qc2 Qe7 12. O-O-O Bg7 13. Re1 O-O 14. g4 Nb6 $5 (14...
b4 15. Na4 b3 16. axb3 Ne8 17. Bc4 a5 18. e5 (18. h4 Nef6 19. Rhg1 Nb6 20. Nxb6
Rxb6 21. g5 Nh5 22. Bd2 $132) 18... dxe5 19. Nxe5 Nxe5 20. Qe2 Nd6 21. Bxe5
Bxe5 22. Qxe5 Qc7 $132) 15. Bg2 b4 16. Nd1 a5 (16... Nfd7 17. Bg5 f6 18. Be3
Ne5 19. Nxe5 fxe5 $15) 17. Ne3 (17. e5 Nfxd5 18. exd6 Qd7 $15) 17... Nfd7 (
17... Nxe4 $5 18. Nc4 Nxc4 19. Rxe4 Ne5 20. Nxe5 dxe5 21. Rhe1 b3 $5 22. axb3
f6 $17) 18. Bg5 f6 19. Bf4 Ne5 20. Nd2 Ba6 21. Bf1 c4 22. Bxe5 fxe5 23. Bxc4
Rbc8 $17 {Azmaiparashvili,Z-Topalov,V /Cap D'Agde FRA 2003}) 9... Be7 (9... Rb8
$5 10. Qc2 Qe7 11. Be2 Bg7 12. a4 O-O 13. O-O $132) 10. Bh6 Bf8 (10... Qb6 $5
11. Rb1 (11. Qc2 $6 Ng4 $1 12. Bf4 (12. Bg7 $140 $6 Rg8 $17) 12... Nge5 13. Nd2
g5 14. Bg3 h5 $14) 11... Bf8 (11... Qb4 {[%csl Rd5]} 12. Qd1 Ng4 13. Bf4 O-O
14. Be2 Nge5 15. O-O $14) 12. Bxf8 Kxf8 13. Qf4 Kg7 14. Bd3 Re8 15. O-O $14)
11. Bxf8 Kxf8 12. Qf4 Qe7 13. Qh6+ Kg8 14. a4 Ng4 $6 (14... Ne4 15. Bd3 Nxc3
16. bxc3 Ne5 17. Be2 Bg4 $14) (14... Nb6 $5 {[%csl Rd5]} 15. Rd1 Bd7 16. a5 Na4
17. Qf4 Nxc3 18. bxc3 Ne4 $132) 15. Qf4 Ngf6 16. Be2 Kg7 17. O-O Re8 18. Nd2
Rb8 19. e4 $1 (19. Nc4 Ne5 20. Nb6 Ned7 $11) 19... Ne5 (19... Qe5 20. Qxe5 Nxe5
21. f4 Ned7 (21... Neg4 $6 22. h3 Ne3 23. Rfc1 $16) 22. Rae1 (22. g4 h6) 22...
Re7 23. Nc4 Ne8 24. Bd3 $16) 20. Qg3 b5 (20... h5 21. f4 Neg4 22. h3 h4 23. Qf3
$1 (23. Qxh4 $140 Ne3 24. Rf2 Nc2 25. Rc1 Nd4 $14) 23... Nh6 24. Qf2 $16) 21.
axb5 axb5 22. f4 Nc4 23. Bxc4 bxc4 24. Rae1 Nh5 25. Qf3 Rxb2 26. Nxc4 Rb4 27.
Na5 Qf6 28. Nc6 Rb3 29. Re3 (29. e5 $5 dxe5 (29... Qxf4 $140 $2 30. Qd1 Rxc3 (
30... Qc4 31. Ne4 $1 $40) 31. Rxf4 Nxf4 32. Qa1 Nxd5 33. exd6 $1 $18) 30. fxe5
Qxf3 31. Rxf3 Bg4 32. Na5 Rb4 33. Rff1 $16) 29... Bd7 $6 (29... Rxc3 $142 $5
30. Rxc3 Rxe4 31. Qxe4 Qxc3 $44) 30. e5 $1 dxe5 31. fxe5 (31. Ne4 $1 Rxe3 32.
Qxe3 exf4 33. Nxf6 fxe3 34. Nxd7 Nf4 35. Nf6 $1 Ne2+ 36. Kh1 Ra8 37. Ng4 $16)
31... Qxf3 32. Rexf3 f6 33. Na5 Rb4 (33... Ra3 $143 $6 34. Nc4 Rb3 35. exf6+
$18) 34. e6 Bxe6 35. dxe6 Rxe6 $16 36. Nd5 Ra4 (36... Rd4 37. Nc7 Re2 38. R3f2
Re3 39. Ra1 $18) 37. Nb7 Ra7 38. Nxc5 Re5 39. Rd1 Ra5 40. Rc3 f5 41. Nc7 $6 (
41. Rd2 $1 $18) 41... Nf4 42. Rc4 Raxc5 43. Rd7+ Kh6 44. Rxf4 Rc2 $14 45. Nd5
Ree2 46. Kf1 $2 (46. Nb4 Rxg2+ 47. Kf1 Rce2 48. Nd3 Rxh2 49. Nf2 Kg5 50. Rf3
Ra2 $11) 46... Red2 $1 47. Re7 Rd1+ 48. Re1 Rxd5 $17 49. Re2 Rc7 (49... Rdd2 $5
50. Rxd2 Rxd2 51. Rh4+ Kg7 52. Rb4 $14) 50. Kf2 Rcd7 51. Ra4 Kg5 52. Ra3 h5 53.
Rg3+ Kf6 54. Ra3 h4 $6 (54... R7d6 $5) 55. Ra6+ $1 Kg5 56. h3 Rb5 57. Ree6 $1
Rb2+ 58. Re2 Rb1 59. Ree6 Rg7 60. Reb6 Rxb6 61. Rxb6 Ra7 62. Rb4 1/2-1/2

[Event "Olympiad-36"]
[Site "Mallorca"]
[Date "2004.10.27"]
[Round "12"]
[White "Krasenkow, Michal"]
[Black "Volokitin, Andrei"]
[Result "1-0"]
[WhiteElo "2676"]
[BlackElo "2652"]
[Annotator "Kapengut"]
[PlyCount "73"]
[EventDate "2004.10.15"]
[EventType "team-swiss"]
[EventRounds "14"]
[EventCountry "ESP"]
[SourceTitle "CBM 104"]
[Source "ChessBase"]
[SourceDate "2005.01.27"]
[SourceVersion "1"]
[SourceVersionDate "2005.01.27"]
[SourceQuality "1"]
[WhiteTeam "Poland"]
[BlackTeam "Ukraine"]
[WhiteTeamCountry "POL"]
[BlackTeamCountry "UKR"]

1. d4 Nf6 2. c4 e6 3. Nf3 c5 4. d5 d6 5. Nc3 exd5 6. cxd5 g6 7. h3 {The
negative side of early position of the knight on f3 when playing against
Benoni, is the impossibility to play the unpleasant variation for Black with
e4, Bd3, h3, Nf3. If 7.e4, then Black can play 7...a6 8.a4 Bg4.} a6 8. a4 Qe7 {
Not allowing 9.e4. In this game White tries to use queen's position on e7 by
preparing to push his central pawns.} 9. Bg5 (9. g3 $5) 9... Bg7 10. e3 {
This position is reminiscent of those arising from the system 7.Bg5 Bg7 8.e3.
Black should also fallow the similar plan.} O-O 11. Nd2 {This is a typical
idea improving the knight's position.} Nbd7 12. Bd3 $1 {/^b1_h7} (12. Be2 $14)
12... Ne5 (12... Rb8 13. O-O h6 14. Bh4 Ne5 (14... g5 15. Bg3 Ne8 16. Qc2 Ne5
17. Bh7+ Kh8 18. Bf5 Bxf5 19. Qxf5 b5 20. axb5 axb5 21. Ra5 Nc4 22. Nxc4 bxc4
23. Ra2 Kg8 (23... Nc7 $6 24. Ne4 $16) 24. Rc1 Rb4 25. Rc2 Bxc3 26. Rxc3 Ng7
27. Qc2 f5 $132 {Cramling,P-Suba,M/ESP-chT 1994}) 15. Bc2 (15. Be2 g5 16. Bg3
Ne8 17. f4 Nd3 $1 18. Bxd3 Qxe3+ 19. Kh2 Qxd3 20. fxg5 Bxc3 21. bxc3 hxg5 22.
Nf3 Qxd1 23. Raxd1 f6 24. Rde1 b5 $15 {Garza Marco,S-Suba,M/Zaragoza op 1999})
15... b5 $1 (15... g5 $6 16. Bg3 b5 17. axb5 axb5 18. f4 $1 Nc4 (18... Nd3 19.
Bxd3 Qxe3+ 20. Kh2 Qxd3 21. fxg5 hxg5 22. Bxd6 $16) 19. Nxc4 bxc4 20. fxg5 hxg5
(20... Qxe3+ $5 21. Kh1 Ng4 $5 {[%cal Gb8b2,Gg7a1]} 22. Bxd6 $1 {[%csl Rb8,Rf8]
[%cal Gd6f8,Gd6b8]} (22. Rf3 Rxb2 $1 23. hxg4 Qxg5 24. Ne4 Qxg4 25. Bxd6 Qh4+
26. Kg1 Bd4+ 27. Qxd4 $3 cxd4 28. Rg3+ Qxg3 29. Nxg3 d3 $2 (29... Rd8 $1 $17)
30. Ba4 Bg4 31. Bxf8 Kxf8 32. Ne4 f5 33. Nc3 $16 {Cramling,P-Suba,M/ESP-chT
1993}) 22... Rxb2 $140 23. Ne4 Rxc2 24. Qxc2 Bxa1 25. Bxf8 Bf5 26. Bxc5 $1 $18
{[%csl Re3,Rf5]}) 21. Rxf6 $3 Qxf6 (21... Rxb2 22. Ne4 $1 Rxc2 23. Bxd6 Qd8 24.
Bxf8 Bxf6 25. Ra8 $18) (21... Bxf6 22. Qh5 {/\ Qh7, Rf1, Ne4->>>} Rd8 23. Rf1
Bg7 24. Bh7+ Kf8 25. Ne4 Rb7 26. Qg6 Rb6 27. Nxg5 $18 {Cramling,P-Lyrberg,P/
Stockholm 1993}) 22. Ne4 Qg6 $1 (22... Qxb2 23. Rb1 $18) (22... Qh6 23. Bxd6
Rxb2 24. Bxf8 {/\ Ra8+-} Bxf8 25. Ra8 Bf5 26. d6 c3 27. Qf3 $18 {Komarov,
D-Hall,J/Vienna 1996}) 23. Nxd6 (23. Bxd6 Bf5 $1) 23... f5 24. Nxc4 (24. Qf1 $1
Bxb2 (24... Rxb2 25. Nxc8 $18) 25. Ra7 {/\ Qc4+/-}) 24... Rb4 25. Bd3 Bb7 (
25... Ba6 26. Ne5 Bxe5 27. Rxa6 Qxa6 28. Bxa6 Bxg3 29. Qh5 $16) 26. Be1 Bxd5 $8
27. Bxb4 cxb4 28. Ra5 Qe6 (28... Qc6 $1 29. b3 $1 Bxg2 30. Bxf5 $140 $16 Bf3
31. Qd3 Qc7 $6 32. Be6+ Kh8 33. Rxg5 $18) 29. b3 $16 {/\ ->><f5, g5 Chernin,
A-Wahls,M/Dortmund 1990/[Chernin,A]}) 16. axb5 axb5 17. f4 Ned7 (17... Nc4 $5
18. Nxc4 bxc4 19. Qc1 Qb7 {[%csl Rb2,Rd5,Re3][%cal Gb7b2,Gb7d5]} 20. Qd2 Ne8
21. Ra2 f5 22. e4 fxe4 23. Bxe4 Bd4+ 24. Bf2 Qg7 25. Rd1 Bxf2+ 26. Qxf2 Nf6 27.
Bf3 Bf5 28. Be2 Rb4 29. g4 Bc2 30. Rc1 Bd3 31. Qf3 Nd7 32. Rf1 Qd4+ 33. Rf2 Ne5
$17 {Novikov,I-Cobb,J/Bratislava 1996}) (17... Nd3 $1 18. Qe2 (18. e4 $6 Nxb2
19. Qb1 g5 20. fxg5 Nh5 21. Qxb2 hxg5 $13) 18... Nb4 (18... Nxb2 19. Rab1 $16)
19. Bb1 {/\ e4->>>}) 18. Qf3 (18. e4 Re8) 18... Re8 19. e4 Qf8 20. Ra5 $1 $36
b4 21. Nb5 Nb6 22. e5 (22. Nc7 $5 Re7 23. e5 Rxc7 24. exf6 Qd8 $8 (24... Bh8
25. g4 Bb7 26. Be4 $16) 25. f5 $36) 22... dxe5 23. Bxf6 Bxf6 24. f5 $1 (24. Nc7
$6 e4 25. Nxe4 {Istratescu,A-Marin,M/Romania 2003} Bd4+ 26. Kh1 Rxe4 $1 (26...
f5 27. Nxe8 fxe4 28. Bxe4 Qxe8 29. f5 $13) (26... Rd8 $5 {/\ Bf5 Istratescu,A})
27. Qxe4 Nc4 28. Rb5 Rxb5 29. Nxb5 Nd2 30. Qd3 Nxf1 31. Nxd4 cxd4 32. Qxf1 Qc5
33. Bb3 Bf5 $15 {Marin,M}) 24... gxf5 (24... Bg5 25. fxg6 f5 26. Ne4 $1 {
Istratescu,A}) 25. Bxf5 Bxf5 26. Qxf5 Nxd5 27. Ne4 Bg7 28. Rf3 Ra8 29. Rxa8
Rxa8 $13 30. Nbd6 Ra7 31. Rg3 Kh8 32. Qg4 Nf6 33. Nxf6 Bxf6 34. Nf5 e4 $1 $132)
13. Bc2 h6 14. Bh4 b5 $5 $146 (14... g5 15. Bg3 Bd7 $5 (15... Nh7 $6 16. h4 $5
g4 17. Bxe5 $1 Bxe5 18. Nc4 Bd7 19. a5 f5 20. g3 f4 $5 21. gxf4 Bxf4 22. Qe2
Be5 23. Na4 Rf3 (23... g3 24. f4 $16) 24. Nab6 Raf8 25. Nxe5 dxe5 26. d6 $1 $16
{Cramling,P-Franco Ocampos,Z/Palma de Mallorca 1991}) 16. O-O Rfe8 17. a5 Qf8 {
This position was reached with different move orders.} 18. f4 gxf4 19. exf4 Ng6
20. Qf3 Bb5 21. Rfe1 Rxe1+ 22. Rxe1 Re8 23. Ra1 Qe7 24. Nxb5 axb5 25. Re1 Qd8
26. Rxe8+ Nxe8 27. Bxg6 fxg6 28. Qe4 Bd4+ $15 {[%csl Ra5,Rb2,Rd5][%cal Gg8g7,
Ge8f6] Jakobsen,O-De Firmian,N/Copenhagen PC 1996}) 15. axb5 Bb7 16. b6 (16.
Nde4 $140 axb5 17. Rxa8 Rxa8 18. Nxb5 g5 19. Nxf6+ Bxf6 20. Bg3 Ba6 $5 21. Nc3
Rb8 $44) 16... g5 17. Bg3 Nxd5 $5 (17... Nfd7 18. h4 g4 19. Bf5 Rab8 (19...
Nxb6 20. Bxe5 Qxe5 21. Qxg4 Rab8 22. Rd1 $14) 20. Bxd7 Qxd7 21. Qa4 Qf5 22. O-O
$14) 18. Nxd5 Bxd5 19. O-O Qb7 20. f4 (20. e4 $6 Be6 $5 (20... Bc6 21. Bxe5
dxe5 22. Nc4 Rad8 23. Qe2 Bb5 24. Bd3 Rd4 25. b3 Rfd8 $132) 21. Bb3 Bxb3 22.
Qxb3 Rfb8 23. Qc2 Qxb6 24. Rfb1 Nc6 25. Nc4 Nd4 $5 26. Qd1 Qb3 $15) 20... gxf4
21. Bxf4 Bxg2 (21... Qxb6 $5 22. Be4 $5 (22. Ne4 Be6 23. Qh5 (23. Bxe5 Bxe5 24.
Nf6+ Kg7 25. Nh5+ $11) 23... Qxb2 $5 24. Bxh6 Qxc2 25. Qg5 Ng6 26. Nf6+ Kh8 27.
Bxg7+ Kxg7 28. Nh5+ $11) 22... Qb7 23. Bxe5 Bxe5 24. Qg4+ Bg7 25. Rad1 Rad8 (
25... Rfe8 26. Bxd5 Qxd5 27. Nc4 Qe6 28. Rxd6 Qxg4 29. hxg4 $14) 26. Rf5 Bxe4
27. Nxe4 Qxb2 28. Nxd6 Qb3 29. Rfd5 (29. e4 Qxd1+ $5 30. Qxd1 Bd4+ 31. Kf1 Rxd6
$44) 29... Qxe3+ 30. Kh1 Rxd6 $5 31. Rxd6 a5 32. Ra6 Qb3 33. Rxa5 Qb4 34. Qxb4
cxb4 35. Rb5 Bc3 $14) 22. Rf2 Bxh3 (22... Bd5 $6 23. Qh5 f5 24. Bxh6 Rf6 25.
Bg5 Qf7 (25... Rf7 26. Rxf5 Qxb6 27. Rxf7 (27. Raf1 Qxb2 28. Rxf7 Nxf7 29. Bh7+
Kf8 30. Be4 $16) 27... Bxf7 28. Qh7+ Kf8 29. Rf1 d5 (29... Ra7 30. Bh6 Bxh6 31.
Qxh6+ Ke7 32. Qf6+ Kd7 33. Nf3 $1 $18) (29... Rb8 30. Bh6 Bxh6 31. Qxh6+ Ke7
32. Qf6+ Kd7 33. Ba4+ Kc8 34. Ne4 $18) 30. Nf3 Re8 31. Nxe5 Rxe5 32. Qh5 $18)
26. Qh4 Qg6 27. Kh2 Rf7 28. Rg1 Qe6 (28... Raf8 29. Bh6 Ng4+ 30. hxg4 Qxh6 31.
Qxh6 Bxh6 32. gxf5+ Kh8 33. Rg3 $18) 29. e4 $1 fxe4 (29... Bxe4 30. Bxe4 fxe4
31. Rf6 $1 $18) 30. Rxf7 Kxf7 31. Qf4+ Ke8 32. Nxe4 Bxe4 33. Qxe4 d5 34. Qf4
Qf7 35. Bf5 Kf8 (35... d4 $2 36. Bh6 Bf6 37. Qe4 Rb8 38. Bg6 $18) (35... Rb8 $2
36. Bh6 Bf6 37. Bg6 $18) 36. Bh6 Nf3+ 37. Kh1 $1 Nxg1 38. Qd6+ $18) 23. Bxe5
dxe5 24. Qh5 (24. Be4 $5 Qd7 25. Bxa8 Rxa8 26. Qf3 Qg4+ 27. Qxg4 Bxg4 28. Nc4
Be6 29. b3 e4 30. Ra5 $16) 24... Qd7 (24... Be6 $6 25. Kh2 (25. Ne4 $6 f5 26.
Nxc5 Qxb6 27. Nxe6 Qxe6 28. Bxf5 Qb6 29. Kh1 Ra7 30. Raf1 a5 (30... Raf7 31. e4
Kh8 $44) 31. b3 Rc7 32. Rf3 Qc6 33. e4 Kh8 $11) 25... f5 26. Rg1 Kh8 (26... Rf7
27. Rg6 Qd7 (27... Re8 28. Rfg2 Kf8 29. Ba4 Ree7 30. Rxh6 $1 $18) 28. Rxe6 Qxe6
29. Bb3 $18) 27. Rg6 Bg8 (27... Rae8 28. Nf3 e4 $140 $2 29. Ng5 Bg8 30. Bxe4 $1
$18) (27... Bd5 28. Bxf5 Bg8 29. Ne4 Bh7 30. Nd6 Qe7 31. Kg1 Rxf5 32. Rxf5 Bxg6
33. Qxg6 $18) 28. Rfg2 Rf7 29. Nc4 $1 Rd8 30. Na5 $16) 25. Ra4 c4 $6 (25... Be6
$5 26. Ne4 f5 27. Nxc5 Qd6 28. Nxe6 Qxe6 29. b7 Rab8 30. Bxf5 Qb6 $1 31. Qe2
Rxb7 32. Rxa6 Qc5 33. e4 Rfb8 $11) 26. Rxc4 (26. Nxc4 $140 $6 Rac8 27. b7 Rc7
28. Nxe5 Qe6 $132) 26... Rac8 27. Ba4 $1 (27. b7 $6 Rxc4 28. Nxc4 Rb8 29. Nxe5
Qe6 30. Nxf7 Qxe3 $132) 27... Qe6 (27... Qd3 28. Qxh3 Rxc4 29. Nxc4 Qxc4 30.
Bc2 Rb8 (30... Qc6 31. Qf5 Qg6+ 32. Qxg6 fxg6 33. b7 Rb8 34. Be4 $16) 31. Qd7
e4 (31... Qe6 $2 32. Qc7 Rf8 33. b7 Qg4+ 34. Rg2 Qb4 35. Bf5 $18) 32. b7 Be5
33. b3 Qe6 34. Qxe6 fxe6 35. Bxe4 $16) 28. Bb3 Kh8 (28... Rxc4 $140 $2 29. Bxc4
Bg4 30. Rxf7 $1 $18) 29. b7 Rxc4 30. Bxc4 Qd7 (30... Qg4+ $140 $2 31. Qxg4 Bxg4
32. Rxf7 $1 $18) 31. Rxf7 $18 Rxf7 32. Qxf7 Qg4+ 33. Kf2 Qh4+ 34. Ke2 Bg4+ 35.
Kd3 e4+ 36. Kc2 Qd8 37. Qf4 1-0